=LDR 00000nam 2200000 4500 =001 INLIS000000000810144 =005 20251027015606 =035 ##$$a 0010-1025000127 =007 ta =008 251027###########################0###### =082 ##$$a 297.57 =084 ##$$a 297.57 BAK q =245 ##$$a Menjaga Kehormatan /$c Syaikh Bakar bin Abdullah =260 ##$:$b Yayasan Al-Sofwa =300 ##$; $c 21 cm